Educación democrática; segundo curso /

Guardado en:
Autor Principal: Herviu, Pedro
Formato: Libro
Publicado: Argentina : Troqel, 1971
Edición:17a. ed.
Materias:
Etiquetas: Agregar Etiqueta
Sin Etiquetas, Sea el primero en etiquetar este registro!
LEADER 01303nam a22002295a 4500
001 CEM.cems003241
005 19000101000000.0
008 130507s1971##################000#0#####d
003 CEMS
082 0 4 |a 320 
100 1 |a Herviu, Pedro 
245 1 0 |a Educación democrática; segundo curso /  |c Pedro Herviu 
250 |a 17a. ed. 
260 |a Argentina :  |b Troqel,  |c 1971 
300 |a 185 p. 
505 0 |a Valores morales, causas de su falta; El hombre y el medio natural, Medio natural argentino, Consecuencias de la posicion geografica argentina en America y en mundo; Evolucion historica de la familia, Familia argentina, evolucion y valores; La ciudad como primera unidad politica organizada, evolucion historica: ciudad neolitica, Mesopotamia, polis griega, Roma, el burgo medieval; Primeras formas de organizacion politica: imperios orientales, democracia griega, instituciones romanas, monarquia, parlamentos. El hombre y sus actividades economicas; Ideales d ela vida en el mundo antiguo y medieval; Municipio: caracteristicas, instituciones de gobierno, responsabilidades civicas 
653 |a Antidemocracia 
653 |a Cabildos 
653 |a Cooperativismo 
653 |a Democracia 
653 |a Educacion civica-enseñanza sec 
859 |a CEMS  |b BIB. CEMS - 11 de abril  |h 320  |i H446a17/2  |p 12577.83  |t Ej.1